| 000 | 01126nam a2200265Ia 4500 | ||
|---|---|---|---|
| 999 |
_c19762 _d19762 |
||
| 001 | 19899 | ||
| 003 | DO-CoUTE | ||
| 005 | 20260204212511.0 | ||
| 008 | 220102s9999 dr 000 0 spa d | ||
| 040 |
_aDO-CoUTE _bspa _cDO-CoUTE |
||
| 041 | 0 | _aspa | |
| 090 | _aBIO 2019 V176 | ||
| 100 | 1 |
_aVásquez Jerez, Andrea _esustentante |
|
| 245 | 1 | 0 | _aProtozoarios en niños que asisten al Hospital Villa La Mata / Andrea Vásquez Jerez, Juana Saoni Jiménez, Yohanny Portorreal Guzmán ; asesor Rosa Altagracia Peña Suárez |
| 260 |
_aCotuí,República Dominicana: _bUTECO, _c2019 |
||
| 300 | _a43 hojas | ||
| 502 | _aTrabajo de grado (Licenciatura en Bioanálisis )--Universidad Tecnológica del Cibao Oriental, 2019. | ||
| 504 | _aincluye referencia bibliográfica e índice | ||
| 650 | 4 | _aProtozoarios en niños que asisten al Hospital | |
| 700 | 1 |
_aPortorreal Guzmán, Yohanny _esustentante |
|
| 700 | 1 |
_aSaoni Jiménez, Juana _esustentante |
|
| 700 | 1 |
_aPeña Suárez, Rosa Altagracia _easesor |
|
| 830 | 0 | _aTesis y disertaciones académicas (Universidad Tecnológica del Cibao Oriental) | |
| 942 |
_2LC _cTH |
||